| 000 | 00923nam a22002297a 4500 | ||
|---|---|---|---|
| 999 |
_c6483 _d6483 |
||
| 003 | AR-CdUCM | ||
| 008 | 190318b ||||| |||| 00| 0 spa d | ||
| 040 |
_aMUNICIPALIDAD PROVINCIAL DEL CUSCO _cBIBLIOTECA MUNICIPAL DEL CUSCO |
||
| 082 |
_a030 / _bE56C |
||
| 110 |
_aEnciclopedia Cultural _918373 |
||
| 245 |
_aEnciclopedia Cultural : _bCientífica - Literatira - Artística / |
||
| 260 |
_aMéxico ; _bUTEHA , _c1957. |
||
| 300 |
_a15 tomos ; _c27.1 cm. _bGraficos, Ilustraciones, dibujos, graficos, tablas, cuadros... |
||
| 440 |
_aEnciclopedia Cultural _n15 volumenes _918374 |
||
| 500 | _aLos segundos ejemplares del tomo 1 al 8 son donacion de la familia nieto. | ||
| 505 | _aContenido : Ciencias en general -- Literatura en general -- Arte en general | ||
| 650 |
_aEnciclopedias UTEHA _918375 |
||
| 650 |
_aCultura General _96239 |
||
| 650 |
_aEnciclopedia General _918376 |
||
| 942 |
_2ddc _cLIBROS |
||
| 945 | _artm | ||